[Event "RUS-chT 05th"]
[Site "Maikop"]
[Date "1998.06.03"]
[Round "1"]
[White "Totsky, Leonid"]
[Black "Yandemirov, Valeri"]
[Result "1/2-1/2"]
[WhiteElo "2490"]
[BlackElo "2545"]
[Annotator "Mikhalevski,V"]
[PlyCount "97"]
[EventDate "1998.06.03"]
[EventType "team-tourn"]
[EventRounds "11"]
[EventCountry "RUS"]
[SourceTitle "CBM 066"]
[Source "ChessBase"]
[SourceDate "1998.09.30"]
[SourceVersion "1"]
[SourceVersionDate "1998.09.30"]
[SourceQuality "1"]
[WhiteTeam "Ekaterinburg Agat"]
[BlackTeam "Kazan Sberbank-Tatarstan"]
[WhiteTeamCountry "RUS"]
[BlackTeamCountry "RUS"]

1. e4 e5 2. Nf3 Nc6 3. d4 exd4 4. Nxd4 Nf6 5. Nxc6 bxc6 6. e5 Qe7 7. Qe2 Nd5 8.
c4 Ba6 9. g3 g6 10. b3 Bg7 11. Bb2 {First key position.Black has to decide
where to castle.} O-O (11... O-O-O 12. Bg2 {Another key position.Now Black has
to chose the right rook.} Rde8 (12... Rhe8 13. O-O Bxe5 14. Qxe5 Qxe5 15. Bxe5
Rxe5 16. cxd5 Bxf1 17. Kxf1 cxd5 18. Nc3 c6 19. Rc1 Kb8 20. Na4 (20. Bf3 Rde8
21. h4 h6 22. Na4 Kc7 23. Nc5 Kd6 24. Nb7+ Kc7 25. Nc5 Kd6 26. Nb7+ {1/2-1/2
Relange,E-Mikhalevski,V/EUCup f 1996}) 20... Rde8 21. Nc5 R5e7 22. b4 Kc7 23.
Bf3 Kd6 24. Nd3 Rb8 25. Rc3 Ree8 26. Ra3 Rb7 27. Ra5 Ra8 28. a4 Re8 29. h4 h6
30. Ra6 Rc7 31. Be2 g5 32. hxg5 hxg5 33. Bg4 Re4 34. Bf5 Rc4 35. Ke2 Ke7 36.
Kd2 Kd6 37. Bh3 {Kislov,M-Stempin,P/Polish Team-ch, Krynica POL 1997/1-0 (57)})
13. O-O Bxe5 14. Qxe5 Qxe5 15. Bxe5 Rxe5 16. cxd5 Bxf1 17. Kxf1 cxd5 18. Nc3 c6
19. Rc1 Kd8 20. Na4 h5 21. Nc5 h4 22. Nd3 Ree8 23. Rc5 hxg3 24. hxg3 Kc7 25.
Ra5 Kd6 26. a4 Ra8 27. Ke2 a6 28. b4 Kc7 29. Rc5 a5 30. b5 Kd6 31. Bf3 Rhe8+
32. Kd2 Re4 33. Bxe4 dxe4 34. bxc6 exd3 35. Rg5 dxc6 36. Kxd3 $17 {Ashley,
M-Mikhalevski,A/FSIM A Oct, Budapest HUN 1997/0-1 (54)}) 12. Bg2 {One more key
position and the same choice as in the case with the  long castle.} (12. Bh3 $5
Nb6 13. O-O d5 14. Nd2 Rfe8 15. Rfe1 Rad8 16. Rac1 dxc4 17. Nxc4 Qb4 18. e6
Bxc4 19. Rxc4 Nxc4 20. exf7+ Kxf7 21. Be6+ Rxe6 22. Qxe6+ Kf8 23. Bf6 Qxe1+ 24.
Qxe1 Bxf6 25. Qe6 Kg7 26. Qxc4 Rd6 27. Qe4 Kf7 28. Kg2 Bd4 29. g4 h6 30. h4 Bb6
31. Qf4+ Kg7 32. Qe5+ Kg8 33. Qe8+ Kg7 34. f4 Rd2+ 35. Kf3 Rd3+ 36. Ke2 Rd6 37.
Qe7+ Kg8 38. f5 gxf5 39. gxf5 Bc5 40. Qxc7 Kf8 41. b4 {1-0 Ashley,M-Held,M/
FSIM A Oct, Budapest HUN 1997}) 12... Rae8 (12... Rfe8 13. O-O Bxe5 (13... Nb6
14. Re1 f6 (14... d5 15. Qc2 Qc5 16. Nd2 Rad8 (16... dxc4 17. Rac1 $36) 17.
Rac1 d4 $2 {>< Ba6,Nb6,d4/} (17... dxc4 18. bxc4 Bxe5 $2 19. Nb3 $18) 18. Nf3
d3 (18... Bxe5 $2 19. b4 $1 $18) 19. Qd2 Bc8 20. h3 $1 h5 (20... Bf5 21. g4)
21. Rcd1 Bf5 22. e6 $3 Rxe6 (22... fxe6 23. Bxg7 Kxg7 24. Qc3+ Kg8 25. Ne5 $16)
(22... Bxb2 23. exf7+ Kxf7 24. Qxb2 $16) 23. Rxe6 Bxe6 (23... fxe6 24. Bxg7
Kxg7 25. Qc3+ Kg8 26. Ne5 $16) 24. Bxg7 Kxg7 25. Qc3+ Kg8 26. Rxd3 Rxd3 27.
Qxd3 $16 {>< c6,c7,a7/} Nd7 $6 (27... a5 $5 {/\ a4/}) 28. Qc3 Bf5 (28... Nf8
29. Ne5 Bd7 30. b4 Qd6 31. c5 $16) 29. Nd4 Qe5 30. Qd2 c5 31. Nxf5 $1 Qxf5 32.
Qa5 Ne5 33. Qxa7 h4 34. Qa8+ Kg7 35. Qe4 Qf6 36. Qxh4 {1-0 Kasparov,G-Sokolov,
I/Erevan olm 1996}) 15. e6 Qxe6 16. Qxe6+ Rxe6 17. Rxe6 dxe6 18. Bxc6 Rd8 19.
Na3 Kf7 20. Rc1 Bf8 21. Rc2 Bc8 22. Nb5 a6 23. Nxc7 Bd6 24. Ne8 Be7 25. c5 Nd5
26. Nd6+ Bxd6 27. cxd6 Nb4 28. Rc4 Nxc6 29. Rxc6 e5 30. Ba3 f5 31. Bc5 Ke6 32.
Rc7 Bd7 33. Ra7 Rc8 34. b4 Rc6 35. f3 h6 36. Kf2 Rc8 37. Rxa6 Bc6 38. a4 Kd5
39. Ra7 Rd8 40. a5 Rd7 41. Rc7 Bb5 42. Rc8 g5 43. Ra8 g4 44. a6 {1-0 Lastin,
A-Petrov,A/Chigorin mem open, St Petersburg RUS 1997}) (13... Rad8 $5 14. Qd2
Nb6 15. f4 d5 16. Qa5 Bxc4 $1 17. Rc1 (17. bxc4 Nxc4 18. Qc3 Nxb2 19. Qxb2 f6
$1 $44) 17... Be2 18. Rxc6 $13 {0-1 Schmedders,H-Roesner,H/NRW-II 1996 (33)}) (
13... Rab8 14. Re1 Nb6 15. Qc2 Qb4 (15... f6 {See Stoljarov,S-Ginzburg,M/
EU-chJM U16 Rimarska Sobota 1996}) 16. Nd2 Na4 17. a3 Qb6 18. b4 Nxb2 19. Qxb2
c5 20. b5 Bb7 21. a4 Bxg2 22. Kxg2 d6 23. f4 Rbd8 24. Nf3 Qb7 25. Rad1 dxe5 26.
Rxd8 Rxd8 27. fxe5 c6 28. Qe2 cxb5 29. axb5 h6 {1/2-1/2 Messina,I-Ginzburg,M/
EU-chJM U14 Verdun 1995}) 14. Qxe5 Qxe5 15. Bxe5 Rxe5 16. cxd5 Bxf1 17. Kxf1
cxd5 18. Nc3 (18. f4 Re3 19. Bxd5 Rae8 20. Nd2 Rd3 21. Ne4 Kg7 22. Bc4 Rf3+ 23.
Kg2 Re3 24. Nf2 Re1 25. Rxe1 Rxe1 26. Kf3 Rc1 27. Bd3 d5 28. Ke3 Kf6 29. Kd2
Rg1 30. Be2 Ke6 31. Bd1 c5 32. Ke2 c4 33. bxc4 dxc4 34. g4 Kd5 35. Ke3 Re1+ 36.
Kd2 Rg1 37. Ke3 {Grosar,K-Balinov,I/Open, Bled SLO 1998/1/2-1/2 (102)}) 18...
c6 19. Rc1 (19. Na4 {A try to prevent the centralization of the black king
leads to the same position.For example:} Kf8 (19... Rae8 20. Bf3 (20. Nc5 $6
Re2 21. Nxd7 Kg7) 20... Kf8 21. Nc5 Ke7) 20. Nc5 Ke7 21. Nd3 Re6) 19... Rae8
20. Bf3 Kf8 21. Na4 Ke7 22. Nc5 Kd6 $11 {At this moment I would like to draw
your attention to the fact that the game Relange,E-Mikhalevski,V reached the
same position with the only difference:the moves h2-h4 and h7-h6 were
included!!!} 23. Nd3 R5e7 24. b4 Ra8 $1 25. a4 a5 26. b5 {1/2-1/2 Leko,
P-Almasi,Z/Ubeda 1997} (26. b5 {Now after} Rb8 27. Rc5 Re4 $1 28. Bxe4 $1 dxe4
29. Ne5 $1 Kxc5 $1 30. Nxd7+ Kc4 $1 31. Nxb8 cxb5 32. axb5 a4 33. b6 a3 34. b7
a2 35. Nc6 a1=Q+ 36. Kg2 Qf6 37. Na5+ Kb5 38. b8=Q+ Kxa5 39. Qa8+ Kb6 40. Qxe4
$11 {That's why the draw was agreed!]})) (12... f6 $6 13. e6 Rfe8 14. O-O dxe6
15. Qd2 Red8 16. Qa5 Nb4 17. Bc3 Nc2 18. Qxa6 f5 19. Bxg7 Qxg7 20. Qxc6 Rab8
21. Qxe6+ Kh8 22. Na3 Nxa1 23. Qe1 Nxb3 24. axb3 Rxb3 25. Qa5 Qd4 26. Nc2 Qd6
27. Qa1+ {1-0 Motylev,A-Sinkevich,P/Chigorin mem open, St Petersburg RUS 1997})
13. O-O Bxe5 (13... Nb6 {is the way to avoid the endgame.} 14. Re1 f6 (14... d5
15. Qc2 Qb4 16. Bc3 Qc5 17. Nd2 Rd8 18. a4 Rfe8 19. b4 Qe7 20. b5 Bc8 21. a5 d4
22. Bb2 Bf5 23. Qb3 Nd7 24. Bxc6 Nc5 25. Qf3 Nd3 26. Bxe8 Qxe8 27. Ba3 Nxe1 28.
Rxe1 Bh6 29. Ne4 Qxe5 30. g4 Bd2 31. Re2 d3 32. Nf6+ Qxf6 33. Rxd2 Qa1+ 34. Rd1
Qxa3 35. gxf5 Qb3 36. fxg6 hxg6 37. Qg4 d2 38. Kg2 Qd3 39. Qf4 {Mellado,
J-Fernando,D/IV It, Loures POR 1997/0-1 (53)}) 15. e6 Qd6 (15... d5 16. Qc2 f5
17. Nd2 Bxb2 18. Qxb2 Rf6 19. c5 Nc8 20. Nf3 Rxe6 21. Rxe6 Qxe6 22. h4 Bd3 23.
Re1 Be4 24. Ng5 Qd7 25. Qe2 Re7 26. Qa6 Bxg2 27. Rxe7 Nxe7 28. Kxg2 f4 29. Qxa7
d4 30. Qb8+ Kg7 31. Qxc7 Qxc7 32. Ne6+ Kf6 33. Nxc7 fxg3 34. fxg3 Ke5 35. Kf2
Nd5 36. Nxd5 Kxd5 37. b4 Kc4 38. a3 Kc3 39. b5 d3 40. b6 d2 41. b7 d1=Q 42.
b8=Q Qd4+ 43. Kg2 Qxc5 44. Qh8+ Qd4 45. Qxh7 Qe4+ 46. Kh2 Kb3 47. Qa7 Qc2+ 48.
Kh3 Qf5+ 49. Kh2 c5 50. Qa5 Qc2+ 51. Kh3 c4 52. Qb4+ Ka2 53. a4 c3 54. a5 Qf5+
55. Kg2 Qd5+ 56. Kh3 c2 57. Qa4+ Kb2 58. Qb4+ Qb3 59. Qd4+ Ka2 {0-1 Van der
Veen,J-Marks,H/Computerij, Zwolle NED 1998}) 16. e7 Rf7 17. c5 Rfxe7 18. cxd6
Rxe2 19. Rxe2 Rxe2 20. Bxc6 Rc2 21. Be4 Rc1+ 22. Kg2 Bf1+ 23. Kf3 f5 {0-1
Charbonneau,P-Ippolito,D/World Open 1998}) 14. Bxe5 Qxe5 15. Qxe5 Rxe5 16. cxd5
Bxf1 17. Kxf1 cxd5 18. Nc3 (18. Nd2 Rfe8 19. Nf3 Re2 20. Re1 Rxe1+ 21. Nxe1 d4
22. Nd3 a5 23. Nc5 d6 24. Bc6 Re7 25. Nd3 g5 26. Nb2 Re5 27. Nd3 Re7 28. a4 f5
29. b4 axb4 30. a5 b3 31. a6 Re5 32. Nxe5 b2 33. Bd5+ Kg7 34. Ba2 {1-0 Lyell,
M-Truta,S/Bled op18th 1997}) 18... c6 {This endgame has become classical.It
can be reached by four similar ways:1)First one has occuried in the current
game;2)If Black plays Rfe8 instead of Rae8 he gets the same position with rook
placed on a8 instead of "f8";3)By playing 0-0-0 instead of 0-0 and then Rhe8
Black gets the same position with king and rook placed accordingly on "c8" and
"d8";4)and finally Rde8 instead of Rhe8 leads to the same position with king
on"c8" and rook on"h8".The choice is not only a matter of taste,but mostly a
matter of right plan in the endgame.} 19. Bf3 $146 (19. Rd1 Rfe8 (19... f5 20.
Bf3 g5 21. h3 Kg7 22. Rd4 Kg6 23. Ra4 h5 24. Ne2 Kh6 25. Nc1 g4 26. Be2 Re4 27.
Rxa7 f4 28. gxf4 gxh3 29. Rxd7 Rg8 30. Rd6+ Kh7 31. Rd7+ Kh8 32. Rd6 Kh7 33.
Rd7+ Rg7 34. Rxg7+ Kxg7 35. Bxh5 Rxf4 36. Ne2 h2 37. Ng3 c5 38. Kg2 c4 39. bxc4
dxc4 40. Bd1 c3 41. Nh5+ {1-0 Berthelot,Y-Marciano,D/FRA-chT 1992}) 20. Bf3 f5
21. Ne2 Kg7 22. Rd4 R8e7 23. Ra4 g5 24. h3 Kg6 25. g4 fxg4 26. hxg4 Rf7 27. Kg2
Re6 28. Rxa7 Ref6 29. Ng1 Rf4 30. Kg3 d4 31. Be2 Rxf2 32. Rxd7 Rxd7 33. Kxf2
Kf6 34. Nf3 c5 35. Bd3 Re7 36. a4 Re3 37. Ne1 h5 38. gxh5 g4 39. Bc4 g3+ 40.
Kf1 Kg5 41. a5 Kxh5 42. a6 Re7 43. Bd5 Kg5 44. Bb7 g2+ 45. Nxg2 d3 46. Ne1 Rf7+
47. Nf3+ Kf4 48. a7 {1-0 Socko,B-Jakubowski,K/Polish Team-ch, Krynica POL 1997}
) (19. Na4 Rb8 20. Rc1 (20. Nc5 Re7 21. Rc1 Rb4 22. Rd1 a5 23. Bf3 Kf8 24. Na6
Rb6 25. Nc5 Rb4 26. Na6 {1/2-1/2 Mueller,M-Pirrot,D/BL9697 1997}) 20... Kf8 21.
Nc5 (21. Bf3 {see 19.Bf3.}) 21... Re7 (21... Ke7 $5 22. f4 $140 Re3 23. Kf2 d4
24. Rd1 Rc3) 22. Nd3 a5 23. Rc5 Ra8 24. h4 h6 25. Nf4 Kg7 26. Bh3 Ra7 27. h5
Re5 28. Bg4 a4 29. b4 Re4 30. a3 g5 31. Bf3 Rd4 32. Ne2 Rd3 33. Rc3 Rd1+ 34.
Kg2 f5 35. g4 fxg4 36. Bxg4 Rd2 37. Ng3 d4 38. Nf5+ Kh7 39. Rc4 Rd3 40. Rxd4
Rxa3 41. Rd6 Rb3 42. Rxh6+ Kg8 43. Rg6+ Kf8 44. Rf6+ Kg8 45. Ne7+ Kg7 46. Rg6+
Kf7 47. h6 Rxb4 48. Rg7+ Kf6 49. Ng8+ Ke5 50. Rxg5+ {1-0 Rublevsky,S-Nikolic,P/
Rubinstein mem 1996}) 19... Rb8 {[%cal Gg8f8,Gf8e7,Ge7d6] Black has been
planning to bring his king to the centre.} 20. Rc1 Kf8 21. Na4 Ke8 $6 ({Why not
} 21... Ke7 $142 {[%cal Ge7d6]}) 22. Nb2 Kd8 23. Nd3 Re8 24. Rc5 Ra8 {[%cal
Ga7a5] /\a5} (24... Kc7 $2 25. Bxd5) 25. b4 (25. Ra5 Kc7) 25... a5 {radically
preventing Ra5.} (25... Ke7 $5 {[%cal Ge7d6,Ge8b8] Black can prepare a7-a5 by
playing Kd6 and Reb8.Immediate 26. b4-b5 can be met with Kd6.The only drawback
of above mentioned plan is 26.Ra5,but White could play it on the previous move!
}) 26. b5 (26. bxa5 $2 {could become a serious mistake as "a5" and "a2" pawns
would be very weak.} Ke7 {[%csl Ra2,Ra5][%cal Ge7d6,Ga8a7,Ge8a8]}) 26... Re6 $8
(26... Rc8 $2 27. bxc6 dxc6 28. Rxa5) 27. a4 ({White could play} 27. Nf4 $5 Rf6
28. h4 {[%cal Gf1e2,Ge2d3]}) ({or} 27. h4 $5 {to prevent 27...Rb8}) 27... Rb8 {
[%cal Gc6b5] /\28...cb} (27... Ke7 $2 {[%cal Ge7d6]} 28. Nf4 Rf6 $140 $2 29.
Rxd5 $1 Rxf4 $2 30. Re5+ Kd6 31. gxf4) 28. Kg2 $5 {[%cal Gb5c6]} (28. bxc6 dxc6
29. Nf4 (29. Rxa5 $2 Rb3) 29... Rf6 30. h4 Ra8 {[%cal Gd8d7,Gd7d6]} 31. Ke2 $13
{[%cal Ge2d3,Gd3d4]}) 28... cxb5 29. Rxd5 $5 (29. Bxd5 $142 $1 Rd6 (29... Reb6
30. Bxf7 d6 31. Rg5 $1 (31. Rd5 $2 Ke7 {[%csl Rf7]}) (31. Rxb5 Rxb5 32. axb5
Rxb5 $13 {[%csl Ga5]})) 30. axb5 (30. Ne5 $6 f6 $1 31. Nf7+ Ke7 32. axb5 Rxd5
33. Rxd5 Kxf7 34. Rxd7+ $11) 30... f5 (30... f6 31. Nb2 $1 {[%cal Gb2c4,Gb2a4]}
Rdb6 32. Bc4 $14 {[%cal Gb2a4]}) (30... a4 $5) 31. Nb2 $1 (31. Ne5 Rdb6 32. Bc4
) 31... Rdb6 32. Bc4 $14 {[%cal Gb2a4]}) 29... bxa4 (29... b4 $2 30. Nc5 Re7
31. Nb3 $1) 30. Rxa5 (30. Nc5 Re7 31. Nxa4 Ra8 $11) 30... Rd6 31. Nc5 (31. Ne5
Ke7 (31... Rd4 $5)) 31... Rd2 (31... Rb2 $4 32. Nb7+) 32. Rxa4 (32. Nxa4 $2 Ra2
33. Bd5 Ra1 {[%cal Gb8b4]}) 32... Rbb2 (32... f5 $142 $1 {[%csl Ge4][%cal
Gb8b2] and Black is not worse.}) 33. Ne4 (33. Ra8+ Ke7 34. Ne4 Rdc2 {[%csl Rf2]
} 35. Bd1 Rc1 36. Bf3 $11) 33... Ra2 $2 (33... Rdc2 34. Bd1 Rc1 35. Rd4 $14) (
33... Rd3 $5 {[%cal Gf7f5]}) 34. Rxa2 Rxa2 35. Nc3 $2 $11 ({After} 35. Ng5 {
White simply wins a pawn.} Ke7 (35... f6 36. Nxh7 Ke7 37. h4 (37. Be4 $5) 37...
Ra5 38. g4 Kf7 39. g5 $16) 36. Nxh7 Ra5 37. h4 f6 $140 38. g4 $16) 35... Ra5
36. Nd5 Ke8 $6 (36... h5 $1 {[%cal Gd7d6,Gd7e6,Gd8d7] preventing 37.g4 and
then bringing king to e6 by playing first d6.}) 37. g4 $1 $14 h6 38. h4 Kf8 (
38... d6 $5) 39. g5 hxg5 40. hxg5 Ra4 41. Kg3 Rd4 42. Bg2 Ra4 43. f4 (43. Kf3
$5 {[%cal Gf3e3]} Rd4 44. Ke3 $140 (44. Nf6 Ke7) 44... Rg4) 43... Ra3+ 44. Kg4
Ra5 45. Be4 {[%cal Gg4f3,Gf3e3,Ge3d4,Gd4e5]} Ra3 $1 46. f5 gxf5+ 47. Bxf5 d6 {
Now it's not enough material to win.} 48. Be4 Ra1 49. Kf4 1/2-1/2

[Event "RUS-chT 05th"]
[Site "Maikop"]
[Date "1998.06.08"]
[Round "6"]
[White "Shovunov, Baatr"]
[Black "Rodin, Mihail"]
[Result "1/2-1/2"]
[WhiteElo "2475"]
[BlackElo "2390"]
[Annotator "Mikhalevski,V"]
[PlyCount "38"]
[EventDate "1998.06.03"]
[EventType "team-tourn"]
[EventRounds "11"]
[EventCountry "RUS"]
[SourceTitle "CBM 066"]
[Source "ChessBase"]
[SourceDate "1998.09.30"]
[SourceVersion "1"]
[SourceVersionDate "1998.09.30"]
[SourceQuality "1"]
[WhiteTeam "Elista Uralan"]
[BlackTeam "Saratov GShK"]
[WhiteTeamCountry "RUS"]
[BlackTeamCountry "RUS"]

1. e4 e5 2. Nf3 Nc6 3. d4 exd4 4. Nxd4 Nf6 5. Nxc6 bxc6 6. e5 Ne4 7. Qf3 (7.
Nd2 Nc5 (7... Nxd2 8. Bxd2 d5 9. Bd3 Be6 10. O-O Qd7 11. f4 Bc5+ 12. Kh1 Bf5
13. Qh5 g6 14. Bxf5 Qxf5 15. Qxf5 (15. Qf3 $6 Qxc2 {Zelcic,R-Baumegger,S/18th
Mitropa Cup, Portoroz SLO 1998/1-0 (54)}) 15... gxf5 $14) 8. Be2 Be7 9. O-O O-O
10. Nb3 Nxb3 11. axb3 d5 12. exd6 Bxd6 13. Ra4 Bf5 14. Bd3 Bxd3 15. Qxd3 Qf6
16. g3 Rfe8 17. Kg2 Bc5 18. Rf4 Qe6 19. Rd1 Bd6 20. Rc4 c5 21. Qf3 $14 {
1-0 Morozevich,A-Bezgodov,A/Russian Cup 7th Stage, Tomsk RUS 1998 (37)}) 7...
Ng5 (7... Nc5 8. Bc4 Ne6 9. Nc3 Bb4 10. O-O O-O 11. Ne4 d5 12. exd6 cxd6 13. a3
Ba5 14. b4 Bc7 15. Bd3 d5 16. Ng3 Be5 17. Qf5 {1-0 Kreiman,B-Ziatdinov,R/Open,
Toronto CAN 1998}) (7... f5 8. Nd2 Qe7 (8... Ng5 9. Qxf5 d5 10. Qd3 Bc5 11. f4
Ne6 12. Nf3 O-O 13. g3 $16 {1-0 Milov,L-Zvara,P/Pardubice op 1993 (35)}) 9.
Qxf5 d5 10. Qf4 g5 11. Qe3 Qxe5 12. Nxe4 dxe4 13. Bd2 Rb8 14. Be2 g4 15. O-O
Bd6 16. g3 Bc5 17. Bc3 Qd5 18. Qh6 Rf8 19. Rad1 Qf5 20. Qxc6+ Bd7 21. Rxd7
Bxf2+ 22. Kg2 Qxd7 23. Qxe4+ {1-0 Velez,N-Gomez,F/CUB-ch 1988}) (7... d5 $2 8.
exd6 Ng5 $4 9. Bxg5 Qxg5 10. Qxc6+ $18 {1-0 Meshcherjakova,E-Alavimo Ghadam,E/
WchJW-U10 1994 (26)}) (7... Qh4 $6 8. g3 Ng5 9. Qe2 Qe4 10. Bxg5 Qxh1 11. Nc3
Bb4 12. O-O-O Bxc3 13. bxc3 Qxh2 14. Qf3 O-O 15. Bd3 f6 16. Rh1 Qxh1+ 17. Qxh1
fxg5 18. Qxh7+ Kf7 19. Qg6+ {1-0 Huenerkopf,H-Klundt,K/BL8283 1983}) 8. Qg3 (8.
Qe3 Ne6 9. f4 Bc5 10. Qe4 Qe7 11. Nd2 O-O 12. Bd3 g6 13. c3 d5 14. exd6 cxd6
$15 {[%csl Re1] 1-0 Scholtens,E-Van den Akker,B/AKN Open, Haarlem NED 1998 (52)
}) (8. Qh5 Ne6 9. Bd3 d6 10. exd6 Qxd6 11. O-O g6 12. Qh4 Bg7 13. Nc3 O-O 14.
Be3 Nd4 15. Ne4 Qe5 16. f4 Qe6 17. Qf2 Nf5 18. Bc5 Rd8 19. Rad1 Qxa2 $4 20. Bc4
{1-0 Thorhallsson,T-Lurje,P/Forli op 1992}) (8. Qc3 Be7 (8... a5 9. a3 Be7 10.
Bd3 Ne6 11. O-O Ba6 12. Nd2 Bxd3 13. Qxd3 O-O 14. Nf3 d5 $11 {Schrancz,
I-Krylov,P/Stary Smokovec 1967/1-0 (50)}) (8... Ne6 9. Bc4 Be7 10. O-O O-O 11.
Nd2 d5 12. exd6 cxd6 13. Bxe6 Bxe6 14. Qxc6 d5 15. c3 Rc8 16. Qa4 Bd6 17. Qxa7
$16 {1-0 Barczay,L-Bilyap,S/Vrnjacka Banja zt 1967 (33)}) 9. f4 Ne4 10. Qf3 d5
11. exd6 Nxd6 12. Nd2 O-O 13. Bd3 Bh4+ 14. g3 Re8+ 15. Kf2 Bf6 16. Nb3 a5 17.
c3 a4 18. Nc5 Ra5 19. Be3 Bf5 20. Bxf5 Nxf5 21. Ne4 Rb5 22. Rab1 Qd3 {0-1
Kucera,P-Svatos,J/CZE-ch 1994}) 8... Ne6 $5 $146 (8... Be7 9. Bd3 O-O 10. O-O
f5 (10... d5 11. f4 Ne4 12. Bxe4 dxe4 13. f5 Bh4 14. Qg4 Qd4+ 15. Kh1 Be7 16.
Bd2 Rd8 17. Qg3 Qc4 18. Na3 Bxa3 19. Bh6 Bf8 20. Bxg7 Bxf5 21. Bxf8+ Bg6 22.
Bh6 Qxc2 23. Qg5 f5 24. Qe7 Bf7 25. Qf6 {1-0 Benko,P-Molnar,I/HUN-ch 1950}) 11.
f4 Ne6 12. Qh3 g6 13. Kh1 d5 14. Nc3 Nc5 15. b3 Be6 16. Ne2 Nxd3 17. Qxd3 c5
18. Qa6 Qd7 19. Ba3 Rfb8 20. Rfd1 $14 {1/2-1/2 Schmid,L-Ungnad/FRG-ch 1972 (41)
}) 9. Bd3 d6 10. O-O g6 $5 11. exd6 (11. Be4 $1 d5 (11... Bb7 12. Rd1) 12. Rd1
$1 {[%cal Gc2c4]} Ba6 (12... Qe7 13. Bf3 {[%cal Gc2c4]} Bg7 (13... Bb7 14. b3)
14. c4 Nd4 $140 15. cxd5 $1 (15. Rxd4 $2 Bxe5 16. Bg5 f6 17. Bh6) 15... Bxe5
16. Bf4 Nf5 (16... Nxf3+ 17. Qxf3 Bxf4 (17... Bxb2 18. d6 $1 cxd6 19. Qxc6+ Qd7
20. Qxa8 Bxa1 21. Bxd6 $16) 18. Qxf4 cxd5 19. Nc3 $1 c6 20. Qa4 $1 Qd7 $8 21.
Ne4 $1 Qe6 $140 22. Rxd5 $1) 17. d6 $3 cxd6 (17... Nxg3 18. dxe7 {[%cal Gd1d8,
Gf3c6]}) 18. Bxc6+ Bd7 19. Bxd7+ Qxd7 20. Qf3 $18) 13. b3 {[%cal Gc2c4]}) 11...
Bxd6 12. f4 $2 (12. Qf3 $142 Bb7 13. Ba6 $1 (13. Bh6 $2 Qh4) (13. Nd2 $5 O-O
14. Nc4 (14. Ne4)) 13... Qc8 14. Bxb7 Qxb7 15. Bh6 $1 O-O-O $140 16. Qxf7 Nd4
17. Bg7 Nxc2 18. Qe6+ Kb8 19. Bxh8 Rxh8 20. Nd2 Nxa1 21. Rxa1 Rf8 22. Rc1 $14 {
[%csl Rb8,Rc6]}) 12... O-O 13. Nc3 Nd4 14. Ne4 Be7 15. Qf2 (15. c3 Nf5 (15...
Bh4 16. Qe3 Nf5 17. Qf3) 16. Qf3 Be6 17. Rd1 Qb8 {[%cal Gb8b6]}) 15... Re8 16.
Be3 c5 17. Rad1 (17. c3 Bh4 $1 (17... Nf5 18. Rad1 Nxe3 19. Qxe3 Bg4 20. Be2 $5
(20. Rd2) 20... Qc8 21. Bxg4 Qxg4 22. Rd5 $1 $14) 18. g3 Nf3+ 19. Qxf3 Qxd3 20.
Nf2 Qxe3 21. Qxa8 Ba6 $1 (21... Bh3 22. Rfe1 (22. Qxe8+ Qxe8 23. Nxh3 Qe3+ 24.
Kg2 (24. Rf2 $2 Bxg3 $1) (24. Nf2 Bxg3 $1 25. hxg3 Qxg3+ 26. Kh1 Qf3+ 27. Kh2
Qxf4+ $44) 24... Qe4+ 25. Rf3 (25. Kg1 Qe3+) 25... Bf6 26. Raf1 $14) 22...
Qxe1+ 23. Rxe1 Rxa8 24. Nxh3 $14) 22. Qc6 $1 (22. Qxa7 Bxf1 23. Rxf1 Bxg3 $1
24. hxg3 Qxg3+ 25. Kh1 Qf3+ 26. Kg1 $11) 22... Re6 $1 (22... Bxf1 $2 23. Rxf1
Bd8 (23... Bxg3 24. hxg3 Qxg3+ 25. Qg2 $16 Qxf4 $140 $2 26. Ng4) (23... Re6 24.
Qa8+ Re8 25. Qb7 $1 $16) 24. Rd1 $14) 23. Qa8+ Re8) 17... Bg4 $1 18. Rd2 Bh4 $1
19. Ng3 (19. g3 $4 Nf3+) 19... Qe7 (19... Qe7 20. Re1 $13 {[%cal Gc2c3]} (20.
Bxd4 cxd4 21. Bb5 (21. Qxd4 $6 Bf6 22. Qf2 Bxb2 23. f5 Rad8 $1) 21... Red8 22.
Rxd4 Rxd4 23. Qxd4 Bf6 {[%csl Rb2]} 24. Qd5 $140 $6 Rd8 $36)) (19... Qd5 $5 20.
c3 $140 Qe6 21. Re1 Nf5) 1/2-1/2